The Untold Story of Dr. G. B. Sahay: (Record no. 211712)
[ view plain ]
| 000 -LEADER | |
|---|---|
| fixed length control field | 00631nam a22001937a 4500 |
| 005 - DATE AND TIME OF LATEST TRANSACTION | |
| control field | 20250610154857.0 |
| 010 ## - LCCN (DPL NO) | |
| LC control number | ENG-145272-73 |
| 020 ## - INTERNATIONAL STANDARD BOOK NUMBER | |
| International Standard Book Number | 9788195674312 |
| Terms of availability | 400.00 |
| 035 ## - SYSTEM CONTROL NUMBER | |
| System control number | EN-128804-805 |
| 037 ## - SOURCE OF ACQUISITION | |
| Source of stock number/acquisition | DBAD |
| 082 ## - DEWEY DECIMAL CLASSIFICATION NUMBER | |
| Classification number | 921 |
| Edition number | 1 |
| 100 ## - MAIN ENTRY--PERSONAL NAME | |
| Personal name | Dayal, Mala |
| 245 ## - TITLE STATEMENT | |
| Title | The Untold Story of Dr. G. B. Sahay: |
| Remainder of title | A Legend of Forensic Medicine in Bihar/ |
| Statement of responsibility, etc | Mala Dayal |
| 250 ## - EDITION STATEMENT | |
| Edition statement | 1 |
| 260 ## - PUBLICATION, DISTRIBUTION, ETC. (IMPRINT) | |
| Name of publisher, distributor, etc | Naye Pallav |
| Date of publication, distribution, etc | 2022 |
| Place of publication, distribution, etc | Patna |
| 270 ## - ADDRESS | |
| Address | Rajiv mani, MAniyalaya, Balupur,Kurji, P.O. -Sadaquat Ashram |
| City | Patna |
| Postal code | 800010 |
| Telephone number | 9835265413 |
| -- | 8825306628 |
| 300 c# - PHYSICAL DESCRIPTION | |
| Extent | 178p. |
| Dimensions | 22cm(hb) |
| 942 ## - ADDED ENTRY ELEMENTS (KOHA) | |
| Source of classification or shelving scheme | Dewey Decimal Classification |
| Item type | English Books |
| Call number suffix | DAY |
| Classification part | 921 |
No items available.
